000 00531nam a2200181Ia 4500
008 100920s9999 xx 000 0 und d
082 _b85923
_a--- न 02
100 _aइनामदार ना. सं.
245 _aराऊ.
260 _bकाँन्टिनेन्टल प्रकाशन, पुणे.
_c2002
300 _a418
_bसाधी
365 _b200
520 _aकादंबरी.
630 _aराऊ.
650 _aकादंबरी.
730 _aराऊ.
942 _cBOOK
999 _c726433
_d726430